000 00298nam a2200133Ia 4500
003 OSt
005 20231205072558.0
008 170524s9999 xx 000 0 und d
020 _a9788131725412
040 _cIIMT UNIVERSITY
100 _aLAUDON- KENNTH C.
245 0 _aE-COMMERCE
942 _2ddc
_c02
999 _c9574
_d9574